Vox Machina - Person, Place, or Object? - Statistics

General Stats
  • This quiz has been taken 211 times
  • The average score is 11 of 20
Answer Stats
Hint Answer % Correct
Tal'dorei Place
81%
Jarett Person
75%
Emon Place
69%
Whisper Thing
69%
Kevdak Person
66%
Syngorn Place
66%
Umber Hulk Creature
63%
Marquet Place
63%
Beholder Creature
59%
J'Mon Sa Ord Person
59%
Kraghammer Place
59%
Goristro Creature
56%
Efreeti Creature
56%
Rakshasa Creature
53%
Craven Edge Thing
53%
Thordak Person
47%
Fenthras Thing
47%
Umbrasyl Person
38%
Cabal's Ruin Thing
38%
Suude Thing
31%
No matching quizzes found
Score Distribution
Percent of People with Each Score
Percentile by Number Answered
Your Score History
You have not taken this quiz